Estabilidad de la ecuaciones diferenciales ordinarias y de las ecuaciones funcionales con sus aplicaciones /
Contenido: 1) Generalidades; 2) Estabilidad de los sistemas lineales; 3) Indicadores de Lyapunov y aplicaciones; 4) Segundo método de Lyapunov; 5) Desarrollo del segundo método de Lyapunov; 6) Estabilidad de la ecuaciones funcionales.
Furkejuvvon:
| Váldodahkki: | |
|---|---|
| Materiálatiipa: | Girji |
| Giella: | espánnjágiella |
| Almmustuhtton: |
México :
Instituto Politécnico Nacional
1998, c1998
|
| Fáttát: | |
| Fáddágilkorat: |
Eai fáddágilkorat, Lasit vuosttaš fáddágilkora!
|
MARC
| LEADER | 00000nam^a2200000^a^4500 | ||
|---|---|---|---|
| 001 | 000183886 | ||
| 005 | 20250521000000.0 | ||
| 009 | 20260310102054.947 | ||
| 020 | |a 970-18-1815-6 | ||
| 037 | |a Acervo ITESO - Biblioteca | ||
| 041 | |a ESP | ||
| 082 | |a 515. 352 |b CAS | ||
| 100 | |a Castro Figueroa, Abel Rosendo |e (autor) | ||
| 245 | 1 | 0 | |a Estabilidad de la ecuaciones diferenciales ordinarias y de las ecuaciones funcionales con sus aplicaciones / |c A.R. Castro Figueroa. |
| 264 | 4 | |a México : |b Instituto Politécnico Nacional |c 1998, c1998 | |
| 300 | |a 372 p. | ||
| 336 | |a texto |b txt |2 rdacontenido | ||
| 337 | |a sin mediación |b n |2 rdamedio | ||
| 338 | |a volumen |b nc |2 rdasoporte | ||
| 520 | |a Contenido: 1) Generalidades; 2) Estabilidad de los sistemas lineales; 3) Indicadores de Lyapunov y aplicaciones; 4) Segundo método de Lyapunov; 5) Desarrollo del segundo método de Lyapunov; 6) Estabilidad de la ecuaciones funcionales. | ||
| 649 | |a XX | ||
| 650 | |a Estabilidad de Lyapunov - |x Tema Principal | ||
| 650 | |a Ecuaciones Diferenciales - |x Tema Principal | ||
| 650 | |a Ecuaciones Funcionales - |x Tema Principal | ||
| 650 | |a Matemáticas | ||
| 910 | |a Fondo General | ||
| 920 | |a Impresos - Libros | ||
| 930 | |a Colección General | ||
| 905 | |a 101 | ||
| 901 | |a 0500124512 |b IT1 |c ACC |u 20250521 | ||
| 902 | |a https://opac.biblio.iteso.mx/vufind/Record/000183886 | ||